Peña Gómez : (Record no. 110390)

MARC details
000 -LEADER
campo de control de longitud fija 00859cam a2200277Ma 4500
001 - NÚMERO DE CONTROL
campo de control 47365
005 - FECHA Y HORA DE LA ÚLTIMA TRANSACCIÓN
campo de control 20230411085958.0
008 - DATOS DE LONGITUD FIJA--INFORMACIÓN GENERAL
campo de control de longitud fija 870709s1981 dr a 000 0bspa d
035 ## - NÚMERO DE CONTROL DEL SISTEMA
Número de control de sistema (OCoLC)ocm16616028
040 ## - FUENTE DE CATALOGACIÓN
Centro catalogador/agencia de origen NYP
Centro/agencia transcriptor NYP
Centro/agencia modificador FUG
-- OCL
-- OCLCQ
019 ## -
-- 10067403
035 ## - NÚMERO DE CONTROL DEL SISTEMA
Número de control de sistema (OCoLC)16616028
Número de control cancelado/no válido (OCoLC)10067403
043 ## - CÓDIGO DE ÁREA GEOGRÁFICA
Código de área geográfica nwdr---
090 ## - LOCALMENTE ASIGNADO TIPO-LC NÚMERO DE CLASIFICACIÓN (OCLC); NÚMERO DE CLASIFICACIÓN LOCAL (RLIN)
Número de clasificación (OCLC) (R) ; Numero de clasificación, CALL (RLIN) (NR) F1938.58.P41
Número cutter local (OCLC) ; Número de libro/Signatura topográfica íntegra, CALL (RLIN) S231p 1981
049 ## - FONDOS LOCALES (OCLC)
Biblioteca depositaria GRAL
100 1# - ENTRADA PRINCIPAL--NOMBRE DE PERSONA
Nombre de persona Santana, Osvaldo,
Fechas asociadas al nombre 1950-
245 10 - MENCIÓN DEL TÍTULO
Título Peña Gómez :
Resto del título sus origenes /
Mención de responsabilidad, etc. Osvaldo Santana.
260 ## - PUBLICACIÓN, DISTRIBUCIÓN, ETC.
Lugar de publicación, distribución, etc. Santo Domingo, R.D. :
Nombre del editor, distribuidor, etc. Editora El Nuevo Diario,
Fecha de publicación, distribución, etc. 1981.
300 ## - DESCRIPCIÓN FÍSICA
Extensión 77 p. :
Otras características físicas ill. ;
Dimensiones 27 cm.
600 10 - PUNTO DE ACCESO ADICIONAL DE MATERIA--NOMBRE DE PERSONA
Nombre de persona Peña Gómez, José Francisco.
651 #0 - PUNTO DE ACCESO ADICIONAL DE MATERIA--NOMBRE GEOGRÁFICO
Nombre geográfico Dominican Republic
Subdivisión general Politics and government
Subdivisión cronológica 1961-
650 #0 - PUNTO DE ACCESO ADICIONAL DE MATERIA--TÉRMINO DE MATERIA
Término de materia o nombre geográfico como elemento de entrada Politicians
Subdivisión geográfica Dominican Republic
Subdivisión de forma Biography.
942 ## - ELEMENTOS DE ENTRADA SECUNDARIOS (KOHA)
Fuente del sistema de clasificación o colocación Clasificación de Library of Congress
Tipo de ítem Koha
946 ## - PROCESAMIENTO DE INFORMACIÓN LOCAL (OCLC)
a clperez
994 ## -
-- C0
-- DRFGD
Holdings
Estatus retirado Estado de pérdida Fuente del sistema de clasificación o colocación Estado de daño No para préstamo Colección Biblioteca de origen Biblioteca actual Ubicación en estantería Fecha de adquisición Código de barras Visto por última vez Copia número Tipo de ítem Koha
    Clasificación de Library of Congress     Automatización y Procesos Técnicos Biblioteca Juan Bosch Biblioteca Juan Bosch Automatización y Procesos Técnicos (1er. Piso) 11/04/2023 00000047677 17/02/2019 1